| 000 | 00911nam a2200229Ia 4500 | ||
|---|---|---|---|
| 999 |
_c53462 _d53462 |
||
| 001 | 20506 | ||
| 003 | GE_BSU | ||
| 005 | 20210111002012.0 | ||
| 008 | 181216s1963||||ge |||||||||||||| ||geo|| | ||
| 040 | _cGE_BSU | ||
| 041 | _ageo | ||
| 080 | _a811.353.1'367(072) წ-85 | ||
| 100 |
_aწულაძე, ლ. _99844 |
||
| 245 |
_aშერწყმული წინადადების სწავლება სკოლაში / _cლ. წულაძე ; რედ. თ. კობერიძე |
||
| 264 |
_aთბილისი : _bცოდნა, _c1963. |
||
| 300 |
_a124 გვ. ; _c 21 სმ. |
||
| 541 | _h38თ. | ||
| 653 | _aქართული ენა | ||
| 653 | _aშერწყმული წინადადების სწავლება სკოლაში | ||
| 700 |
_aკობერიძე, თ. _eრედაქტორი _91783 |
||
| 942 |
_cBK _2udc |
||